| 000 | 00481nam a22001217a 4500 | ||
|---|---|---|---|
| 008 | 190518b xxu||||| |||| 00| 0 eng d | ||
| 082 |
_a708 _bB389m |
||
| 100 |
_aPérez-Ratton, Virginia _9580 |
||
| 245 | _aMiltón Becerra | ||
| 260 |
_aCosta Rica _bMuseo de Arte y Diseño Contemporaneo _c1996 |
||
| 300 |
_a18 p. _bill (col). _c27,8 x 21, 5 cm |
||
| 650 |
_2Arte contemporáneo _vArte - exhibiciones _vBecerra, Miltón _vArte - instalaciones _xCatálogo de exposición _zArte - Venezuela _97043 |
||
| 999 |
_c1787 _d1787 |
||